San Francisco Bay Area Trivia - Statistics

General Stats
  • This quiz has been taken 104 times
  • The average score is 7 of 8
Answer Stats
Hint Answer % Correct
Which state is the Bay Area in? California
100%
How many football teams are in the Bay area? 1
98%
Famous bright red tourist attraction in San Francisco Golden Gate Bridge
96%
Most populated city in the Bay Area San Jose
96%
Only basketball team in the area Golden State Warriors
95%
Third largest city in the Bay Area which is the most populated in the East Bay Oakland
95%
City known as the "birthplace of Silicon Valley" Palo Alto
70%
Private school in the Bay Area that Tom Brady and Barry Bonds attended Junipero Serra
36%
No matching quizzes found
Score Distribution
Percent of People with Each Score
Percentile by Number Answered
Your Score History
You have not taken this quiz